Are we too many? (Record no. 84694)

MARC details
000 -LEADER
fixed length control field 00477nam a22001811 4500
001 - CONTROL NUMBER
control field sa 68012712
003 - CONTROL NUMBER IDENTIFIER
control field DLC
005 - DATE AND TIME OF LATEST TRANSACTION
control field 20260227112613.0
008 - FIXED-LENGTH DATA ELEMENTS--GENERAL INFORMATION
fixed length control field 711115s1951 ii ab 00010 eng
010 ## - LIBRARY OF CONGRESS CONTROL NUMBER
LC control number sa 68012712
043 ## - GEOGRAPHIC AREA CODE
Geographic area code a-ii---
050 0# - LIBRARY OF CONGRESS CALL NUMBER
Classification number HB3639
Item number .R28
100 20 - MAIN ENTRY--PERSONAL NAME
Personal name Raghava Rao, G.
245 10 - TITLE STATEMENT
Title Are we too many?
Statement of responsibility, etc. by G. Raghava Rao.
260 0# - PUBLICATION, DISTRIBUTION, ETC.
Place of publication, distribution, etc. Bangalore,
Name of publisher, distributor, etc. P.T.I. Book Depot
Date of publication, distribution, etc. [1951]
300 ## - PHYSICAL DESCRIPTION
Extent 40 p.
Other physical details illus. map.
Dimensions 22 cm.
651 #0 - SUBJECT ADDED ENTRY--GEOGRAPHIC NAME
Geographic name India
General subdivision Population.

No items available.

Powered by Koha